Statistics for Highest Ranking Team in Each Confederation not able to Enter World Cup

Click here to take the quiz!

General Stats

  • This quiz has been taken 33 times
  • The average score is 38 of 52

Answer Stats

Answer% Correct
Colombia
100%
Italy
100%
Argentina
96%
Australia
96%
Japan
96%
Mexico
96%
New Zealand
96%
United States
96%
Canada
92%
Chile
92%
Iran
92%
Netherlands
92%
Republic of China
92%
Uruguay
92%
Egypt
88%
Spain
88%
Venezuela
88%
Costa Rica
85%
Nigeria
85%
Peru
85%
South Africa
85%
South Korea
85%
Turkey
85%
England
81%
Iraq
81%
Paraguay
81%
Algeria
77%
Ecuador
77%
Panama
77%
Denmark
73%
Fiji
73%
Honduras
73%
Scotland
73%
Austria
69%
Hungary
69%
Morocco
69%
Czech Republic
65%
Croatia
58%
North Korea
58%
Trinidad and Tobago
58%
Ukraine
58%
Israel
54%
Haiti
46%
Kuwait
46%
United Arab Emirates
46%
Czechoslovakia
42%
East Germany
42%
Syria
35%
DR Congo
31%
Uzbekistan
23%
New Caledonia
15%
Zambia
12%

Score Distribution

Percentile by Number Answered

Percent of People with Each Score

Your Score History

You have not taken this quiz